| Tag |
First Indicator |
Second Indicator |
Subfields |
| LEADER |
00000cam a2200000 a 4500 |
| 001 |
in00001021621 |
| 005 |
20150928122458.0 |
| 008 |
901107s1991 enk b 101 0 eng |
| 010 |
|
|
|a 90024513
|
| 015 |
|
|
|a GB91-2863
|
| 019 |
|
|
|a 22734885
|
| 020 |
|
|
|a 0415026253
|
| 035 |
|
|
|a (OCoLC)24872280
|
| 035 |
|
|
|9 AFG2947AM
|
| 040 |
|
|
|a DLC
|c DLC
|d OCL
|d UKM
|d TXA
|d UtOrBLW
|
| 043 |
|
|
|a e-uk---
|
| 049 |
|
|
|a TXAM
|
| 050 |
0 |
0 |
|a HD6971
|b .P83 1991
|
| 082 |
0 |
0 |
|a 331
|2 20
|
| 245 |
0 |
4 |
|a The Power to manage? :
|b employers and industrial relations in comparative historical perspective /
|c edited by Steven Tolliday and Jonathan Zeitlin.
|
| 264 |
|
1 |
|a London ;
|a New York :
|b Routledge,
|c 1991.
|
| 300 |
|
|
|a 352 pages ;
|c 24 cm.
|
| 336 |
|
|
|a text
|b txt
|2 rdacontent
|
| 337 |
|
|
|a unmediated
|b n
|2 rdamedia
|
| 338 |
|
|
|a volume
|b nc
|2 rdacarrier
|
| 500 |
|
|
|a Selected and revised proceedings of a conference held at Griton College, Cambridge, Sept. 1987.
|
| 504 |
|
|
|a Includes bibliographical references and index.
|
| 650 |
|
0 |
|a Industrial relations.
|
| 650 |
|
0 |
|a Employers' associations.
|
| 650 |
|
0 |
|a Industrial relations
|z Great Britain.
|
| 650 |
|
0 |
|a Employers' associations
|z Great Britain.
|
| 700 |
1 |
|
|a Tolliday, Steven.
|
| 700 |
1 |
|
|a Zeitlin, Jonathan.
|
| 999 |
|
|
|a MARS
|
| 999 |
f |
f |
|s 5b055b71-f1f8-3dd5-b73b-5bf8531d5abb
|i 8cb25745-5d92-394c-a39d-251c7bf21b1a
|t 0
|
| 952 |
f |
f |
|p ric
|a Texas A&M University
|b Rellis Campus
|c Joint Library Facility
|d Remote Storage
|t 0
|e HD6971 .P83 1991
|h Library of Congress classification
|i unmediated -- volume
|m A14815280751
|
| 998 |
f |
f |
|a HD6971 .P83 1991
|t 0
|l Remote Storage
|